[Event "8. Griesheimer Schachtage 2012"]
[Site "Griesheim"]
[Date "2012.05.18"]
[Round "1.28"]
[White "Felde, Philipp"]
[Black "Kellerwessel, Ralf"]
[Result "0-1"]
[WhiteElo "1423"]
[BlackElo "1888"]
[PlyCount "124"]
[EventDate "2012.05.18"]

1. d4 g6 2. c4 Bg7 3. Nc3 d6 4. Nf3 Nc6 5. e3 e5 6. dxe5 Nxe5 7. Nxe5 Bxe5 8.
Bd3 Ne7 9. f4 Bg7 10. O-O O-O 11. Qc2 c6 12. e4 f5 13. Be3 fxe4 14. Nxe4 d5 15.
Ng5 Nf5 16. Bc5 Re8 17. Rae1 b6 18. Bf2 d4 19. Rxe8+ Qxe8 20. Bxf5 Bxf5 21. Qd2
Qd7 22. Re1 Re8 23. Rxe8+ Qxe8 24. Nf3 c5 25. Qe1 Qxe1+ 26. Bxe1 Bb1 27. a3 Bd3
28. Ne5 Bxe5 29. fxe5 Bxc4 30. b4 Kf7 31. bxc5 bxc5 32. Bg3 d3 33. Bf4 Ke6 34.
Kf2 Bd5 35. Be3 c4 36. Bd4 Kf5 37. Ke3 Bxg2 38. Bxa7 Kxe5 39. Bd4+ Kd5 40. Bc3
Bh3 41. a4 Bd7 42. a5 Bb5 43. Bg7 Ba6 44. Bc3 g5 45. Bf6 h6 46. Bg7 h5 47. Bc3
Bb7 48. Bf6 g4 49. Bc3 Kc5 50. Kf4 Kb5 51. Ke3 Ka4 52. Kd2 h4 53. Bf6 g3 54.
hxg3 hxg3 55. Bd4 Kxa5 56. Kc3 Bd5 57. Be3 Be6 58. Bg1 Kb5 59. Be3 Kc6 60. Kd4
g2 61. Bg1 Kb5 62. Be3 d2 0-1

[Event "8. Griesheimer Schachtage 2012"]
[Site "Griesheim"]
[Date "2012.05.18"]
[Round "1.29"]
[White "Bingert, Tim Niklas"]
[Black "Karsay, Paul"]
[Result "1-0"]
[WhiteElo "1885"]
[BlackElo "1412"]
[PlyCount "77"]
[EventDate "2012.05.18"]

1. e4 c5 2. Nf3 d6 3. d4 cxd4 4. Nxd4 Nf6 5. Nc3 a6 6. Be2 e5 7. Nb3 Nc6 8. g4
h6 9. Be3 b5 10. Bf3 Bb7 11. Qd2 Na5 12. O-O-O Nc4 13. Qd3 Rc8 14. Kb1 Qd7 15.
Rhg1 b4 16. Nd5 Nxd5 17. exd5 a5 18. g5 h5 19. Nd2 Ba6 20. Nxc4 Bxc4 21. Qe4 g6
22. b3 Bb5 23. Rg3 Bg7 24. Bg2 h4 25. Bh3 Qc7 26. Rgg1 Rb8 27. f4 Bd7 28. f5
gxf5 29. Bxf5 Bxf5 30. Qxf5 Qd7 31. Qe4 a4 32. Rg4 f5 33. gxf6 Bxf6 34. Rf1 Ke7
35. Rxf6 Kxf6 36. Qg6+ Ke7 37. Qg7+ Kd8 38. Qxh8+ Kc7 39. Qg7 1-0

[Event "8. Griesheimer Schachtage 2012"]
[Site "Griesheim"]
[Date "2012.05.18"]
[Round "1.30"]
[White "Morgenroth, Fabian"]
[Black "Plattner, Rolf"]
[Result "0-1"]
[WhiteElo "1242"]
[BlackElo "1871"]
[PlyCount "114"]
[EventDate "2012.05.18"]

1. d4 Nf6 2. c4 e6 3. Nc3 Bb4 4. Nf3 O-O 5. Bg5 d5 6. e3 c6 7. Be2 Nbd7 8. O-O
Qa5 9. Qc2 a6 10. a3 Bxc3 11. Qxc3 Qxc3 12. bxc3 Ne4 13. Rfc1 h6 14. Bf4 g5 15.
Bg3 h5 16. cxd5 cxd5 17. c4 g4 18. Ne5 Nxe5 19. Bxe5 Nd2 20. Rc2 Nb3 21. Rb1
Na5 22. cxd5 exd5 23. Rc5 Nc6 24. Rxd5 Be6 25. Rc5 Nxe5 26. Rxe5 b5 27. Rg5+
Kh7 28. Rxh5+ Kg6 29. Rc5 Rfd8 30. Rd1 Rd6 31. e4 Rad8 32. d5 f5 33. f3 fxe4
34. fxe4 Kf6 35. Kf2 Bd7 36. Ke3 Ke5 37. Rd2 Rh8 38. g3 Rxh2 39. Bf1 Rxd2 40.
Kxd2 Kxe4 41. Bg2+ Kd4 42. Rc7 Rf6 43. Ke2 Bf5 44. Rc6 Bd3+ 45. Ke1 Ke5 46.
Rxf6 Kxf6 47. Kd2 Bc4 48. Ke3 Ke5 49. Kd2 Bxd5 50. Bxd5 Kxd5 51. Kd3 a5 52. Kc3
b4+ 53. axb4 axb4+ 54. Kxb4 Ke4 55. Kc3 Kf3 56. Kd2 Kxg3 57. Ke1 Kh2 0-1

[Event "8. Griesheimer Schachtage 2012"]
[Site "Griesheim"]
[Date "2012.05.18"]
[Round "1.31"]
[White "Rauscher, Joachim"]
[Black "Henkelmann, Frank"]
[Result "1/2-1/2"]
[WhiteElo "1865"]
[BlackElo "1222"]
[PlyCount "96"]
[EventDate "2012.05.18"]

1. e4 e5 2. Nf3 Nc6 3. Bc4 Bc5 4. c3 Nf6 5. b4 Bb6 6. d3 d6 7. Bg5 h6 8. Bh4
Bg4 9. Nbd2 Bh5 10. a4 a6 11. O-O g5 12. Bg3 Ne7 13. Qb3 Qd7 14. Rfe1 g4 15.
Nh4 Ng6 16. Nf5 O-O-O 17. Bxf7 Nf4 18. Bxf4 Bxf7 19. Qc2 exf4 20. a5 Ba7 21. b5
axb5 22. a6 c6 23. axb7+ Qxb7 24. c4 g3 25. hxg3 fxg3 26. Nxg3 Ng4 27. Nh1 Rhf8
28. Nf3 Bh5 29. cxb5 Qb6 30. Ra6 Qb7 31. Rea1 Rxf3 32. Rxa7 Qxb5 33. gxf3 Ne5
34. Ra8+ Kd7 35. R1a7+ Ke8 36. Rxd8+ Kxd8 37. Ng3 Nxf3+ 38. Kh1 Qb4 39. Ra8+
Kd7 40. Ra7+ Kd8 41. Qc1 Qb6 42. Ra8+ Kd7 43. Nxh5 Qxf2 44. Nf6+ Ke7 45. Nd5+
Kd7 46. Nf6+ Ke7 47. Nd5+ Kd7 48. Nf6+ Ke7 1/2-1/2

[Event "8. Griesheimer Schachtage 2012"]
[Site "Griesheim"]
[Date "2012.05.18"]
[Round "1.32"]
[White "Hollmann, Leon"]
[Black "Yilmaz, Ahmet"]
[Result "0-1"]
[WhiteElo "1077"]
[BlackElo "1850"]
[PlyCount "106"]
[EventDate "2012.05.18"]

1. e4 e5 2. Bc4 Nf6 3. d3 c6 4. c3 d5 5. exd5 cxd5 6. Bb3 Nc6 7. Nf3 Be7 8. O-O
O-O 9. Re1 Qc7 10. Nbd2 Bf5 11. Nf1 e4 12. dxe4 dxe4 13. Nd4 Rad8 14. Ne3 Bg6
15. Ba4 Bd6 16. Bxc6 Bxh2+ 17. Kh1 bxc6 18. Qe2 Be5 19. Nb3 Nh5 20. Ng4 Bd6 21.
Nd4 Rfe8 22. Bd2 Qb6 23. Nb3 Bb8 24. c4 Qc7 25. Ba5 Qe7 26. Bxd8 Rxd8 27. Rad1
Qh4+ 28. Kg1 Re8 29. g3 Bxg3 30. fxg3 Nxg3 31. Qg2 Qxg4 32. Kh2 Qh4+ 33. Qh3
Nf5 34. Qxh4 Nxh4 35. Kh3 Nf3 36. Re3 f5 37. Rf1 f4 38. Re2 Bf5+ 39. Kg2 g5 40.
Nd2 Nd4 41. Nxe4 Bxe4+ 42. Rxe4 Rxe4 43. Rd1 a5 44. Kf2 c5 45. Rd2 Re2+ 46.
Rxe2 Nxe2 47. Kxe2 g4 48. b3 h5 49. a3 h4 50. b4 cxb4 51. c5 Kf7 52. axb4 axb4
53. c6 Ke7 0-1

[Event "8. Griesheimer Schachtage 2012"]
[Site "Griesheim"]
[Date "2012.05.18"]
[Round "1.33"]
[White "Haas, Vanessa"]
[Black "Winter, Thomas"]
[Result "1-0"]
[WhiteElo "1849"]
[BlackElo "1066"]
[PlyCount "93"]
[EventDate "2012.05.18"]

1. e4 c5 2. Nf3 d6 3. d4 cxd4 4. Nxd4 Nf6 5. Nc3 a6 6. Be2 e5 7. Nb3 Be7 8. O-O
O-O 9. Kh1 b5 10. a3 Bb7 11. Qd3 Nbd7 12. f4 Qc7 13. f5 Rad8 14. Bg5 Rfe8 15.
Rf3 Nc5 16. Nxc5 Qxc5 17. Rg3 d5 18. exd5 Nxd5 19. Nxd5 Rxd5 20. Bxe7 Qxe7 21.
Qe3 Kh8 22. Rf1 Qf6 23. Rg4 Rd7 24. Bf3 Bc8 25. Be4 Rd6 26. Bd3 Bb7 27. a4 b4
28. Rxb4 Bc8 29. Qc5 Rdd8 30. Rb6 Qe7 31. Qxe7 Rxe7 32. Bxa6 Bd7 33. Rd6 Rb8
34. b3 f6 35. Rfd1 Kg8 36. Rxd7 Kf7 37. Rxe7+ Kxe7 38. Bb5 Rb7 39. Kg1 g6 40.
Bc6 Rb4 41. Rd7+ Kf8 42. fxg6 hxg6 43. a5 e4 44. Kf2 f5 45. g3 Rb8 46. a6 Rb6
47. a7 1-0

[Event "8. Griesheimer Schachtage 2012"]
[Site "Griesheim"]
[Date "2012.05.18"]
[Round "1.34"]
[White "Klier, Michaela"]
[Black "Launert, Martin"]
[Result "0-1"]
[WhiteElo "960"]
[BlackElo "1845"]
[PlyCount "84"]
[EventDate "2012.05.18"]

1. e4 e5 2. Bc4 Nf6 3. d3 Nc6 4. Nc3 Bc5 5. Nf3 O-O 6. O-O a6 7. d4 Bxd4 8.
Nxd4 Nxd4 9. f3 d6 10. Ne2 Be6 11. b3 Bxc4 12. bxc4 Ne6 13. Ba3 Nd7 14. f4 exf4
15. Nxf4 Ne5 16. Nxe6 fxe6 17. Rxf8+ Qxf8 18. c5 Nc4 19. Qd3 Nxa3 20. Qxa3 Qf6
21. Rf1 Qd4+ 22. Kh1 Rf8 23. Qc1 Rxf1+ 24. Qxf1 Qxe4 25. Qf2 Qe5 26. h3 Qxc5
27. Qe2 Qd5 28. c4 Qf5 29. g4 Qe5 30. Qxe5 dxe5 31. Kg2 Kf7 32. Kf3 Ke7 33. Ke4
Kd6 34. h4 c5 35. a4 Kc6 36. Kxe5 b5 37. axb5+ axb5 38. cxb5+ Kxb5 39. Kxe6 c4
40. Kf7 c3 41. Kxg7 c2 42. Kxh7 c1=Q 0-1

[Event "8. Griesheimer Schachtage 2012"]
[Site "Griesheim"]
[Round "2.1"]
[Date "2012.05.19"]
[White "Hornung, Thomas"]
[Black "Geske, Julian"]
[Result "0-1"]
[WhiteElo "1945"]
[BlackElo "2388"]
[PlyCount "68"]
[EventDate "2012.05.19"]

 1. d4 d5 2. c4 c6 3. Nf3 dxc4 4. e3 b5 5. a4 e6 6. axb5
cxb5 7. b3 Bb4+ 8. Bd2 Bxd2+ 9. Nbxd2 a5 10. bxc4 b4 11. Be2 Nf6 12. O-O O-O
13. Ne5 Bb7 14. Qa4 Nfd7 15. Nxd7 Nxd7 16. Bf3 Bxf3 17. Nxf3 Qc7 18. Nd2 e5 19.
c5 exd4 20. exd4 Nf6 21. h3 Nd5 22. Qb3 Nc3 23. Qc4 Rfd8 24. Rfe1 h6 25. Ne4
Nd5 26. Qb5 Rdb8 27. Qa4 b3 28. Qc4 Qc6 29. Reb1 Rb4 30. Qd3 a4 31. Nd6 Nf4 32.
Qe4 Qxe4 33. Nxe4 Ne2+ 34. Kf1 Nxd4 0-1

[Event "8. Griesheimer Schachtage 2012"]
[Site "Griesheim"]
[Date "2012.05.19"]
[Round "2.2"]
[White "Grabarczyk, Bogdan"]
[Black "Dankesreiter, Arne"]
[Result "1-0"]
[WhiteElo "2380"]
[BlackElo "1993"]
[PlyCount "57"]
[EventDate "2012.05.19"]

1. e4 d5 2. exd5 Qxd5 3. Nf3 Nf6 4. d4 c6 5. Be2 Bf5 6. O-O e6 7. c4 Qd8 8. Nc3
Be7 9. Nh4 Bg6 10. Nxg6 hxg6 11. Bf3 O-O 12. Be3 Nbd7 13. g3 Nb6 14. Qb3 Qc7
15. Bf4 Qd7 16. Rfd1 Rad8 17. a4 Qc8 18. a5 Nbd7 19. a6 b6 20. Qa4 Nh5 21. Be3
c5 22. Qc6 cxd4 23. Bxd4 Qb8 24. Qb7 e5 25. Be3 Nhf6 26. Bc6 Qxb7 27. axb7 a5
28. Bxd7 Nxd7 29. Na4 1-0

[Event "8. Griesheimer Schachtage 2012"]
[Site "Griesheim"]
[Date "2012.05.19"]
[Round "2.3"]
[White "Mager, Thomas"]
[Black "Walter, Stefan"]
[Result "0-1"]
[WhiteElo "1922"]
[BlackElo "2354"]
[PlyCount "50"]
[EventDate "2012.05.19"]

1. d4 Nf6 2. c4 e6 3. Nc3 Bb4 4. a3 Bxc3+ 5. bxc3 O-O 6. e3 b6 7. Bd3 c5 8. Ne2
Nc6 9. O-O d6 10. e4 Ne8 11. Be3 Ba6 12. Ng3 Rc8 13. Rc1 Na5 14. Qe2 Qd7 15. f4
Qa4 16. e5 Bxc4 17. Bxh7+ Kxh7 18. Qh5+ Kg8 19. f5 cxd4 20. Rf4 Qxa3 21. Rh4 f6
22. Qh7+ Kf7 23. Qg6+ Ke7 24. exd6+ Nxd6 25. cxd4 Qxe3+ 0-1

[Event "8. Griesheimer Schachtage 2012"]
[Site "Griesheim"]
[Date "2012.05.19"]
[Round "2.4"]
[White "Zuyev, Igor"]
[Black "Winand, Edgar"]
[Result "1-0"]
[WhiteElo "2348"]
[BlackElo "1947"]
[PlyCount "51"]
[EventDate "2012.05.19"]

1. e4 d6 2. d4 g6 3. c3 Bg7 4. Nf3 b6 5. Qb3 h6 6. Nbd2 Bb7 7. e5 d5 8. e6 Qd6
9. exf7+ Kxf7 10. Bd3 e6 11. O-O Ne7 12. Re1 Nd7 13. Qc2 Bf6 14. Nb3 Rag8 15.
Qe2 c5 16. Bf4 Qxf4 17. Qxe6+ Ke8 18. Bb5 Bc8 19. dxc5 Kd8 20. cxb6 Nxb6 21.
Nbd4 Kc7 22. Qf7 Kb8 23. Rxe7 Nd7 24. Bxd7 Rg7 25. Nc6+ Ka8 26. Bxc8 1-0

[Event "8. Griesheimer Schachtage 2012"]
[Site "Griesheim"]
[Date "2012.05.19"]
[Round "2.5"]
[White "Schmitt, Roland"]
[Black "Schlapp, Thomas"]
[Result "0-1"]
[WhiteElo "1916"]
[BlackElo "2285"]
[PlyCount "32"]
[EventDate "2012.05.19"]

1. e4 e6 2. d4 d5 3. e5 c5 4. c3 Nc6 5. Nf3 Qb6 6. Bd3 Bd7 7. O-O cxd4 8. cxd4
Rc8 9. a3 Nxd4 10. Nxd4 Qxd4 11. Qe2 Ne7 12. Rd1 Nc6 13. Re1 Qxe5 14. Qd1 Qf6
15. Re3 Ne5 16. Bf1 Bc5 0-1

[Event "8. Griesheimer Schachtage 2012"]
[Site "Griesheim"]
[Date "2012.05.19"]
[Round "2.6"]
[White "Gramlich, Sebastian"]
[Black "Linnemann, Niklas"]
[Result "1/2-1/2"]
[WhiteElo "2283"]
[BlackElo "1933"]
[PlyCount "39"]
[EventDate "2012.05.19"]

1. d4 Nf6 2. c4 g6 3. Nc3 d5 4. cxd5 Nxd5 5. e4 Nxc3 6. bxc3 Bg7 7. Bc4 c5 8.
Ne2 O-O 9. O-O Nc6 10. Be3 Qc7 11. Rc1 Rd8 12. Qd2 b6 13. f4 e6 14. f5 exf5 15.
Bg5 Rf8 16. exf5 Bxf5 17. Rxf5 gxf5 18. Ng3 Qd7 19. Nh5 Qd6 20. Rf1 1/2-1/2

[Event "8. Griesheimer Schachtage 2012"]
[Site "Griesheim"]
[Date "2012.05.19"]
[Round "2.7"]
[White "Kellerwessel, Ralf"]
[Black "Junesch, Gerhard"]
[Result "0-1"]
[WhiteElo "1888"]
[BlackElo "2277"]
[PlyCount "100"]
[EventDate "2012.05.19"]

1. d3 e5 2. f4 d5 3. fxe5 Nc6 4. Nf3 Bg4 5. Bf4 Qe7 6. c3 Bxf3 7. gxf3 Nxe5 8.
Qa4+ c6 9. Kd1 Nf6 10. Qd4 Nfd7 11. Nd2 Qe6 12. Qe3 Be7 13. h4 Ng6 14. Qxe6
fxe6 15. Bg3 h5 16. Kc2 Bf6 17. Re1 O-O 18. Bh3 Rae8 19. Reg1 Kh7 20. e3 Nxh4
21. Bf1 Nf5 22. Rxh5+ Kg6 23. Rxf5 exf5 24. Bd6+ Kf7 25. Bxf8 Nxf8 26. e4 f4
27. d4 Bh4 28. Bh3 g5 29. Kd3 Ng6 30. Bg4 Rh8 31. Rg2 Be1 32. Re2 Bxd2 33. Kxd2
Ne7 34. a4 a5 35. b3 Rh1 36. Kd3 Rd1+ 37. Kc2 Rg1 38. c4 dxc4 39. bxc4 Ra1 40.
Kb3 Ng8 41. e5 Nh6 42. Bh5+ Ke7 43. Bg6 Rf1 44. Be4 g4 45. fxg4 f3 46. Re3 f2
47. Rf3 Nxg4 48. Bd3 Rd1 49. Kc2 Ne3+ 50. Kb2 Rxd3 0-1

[Event "8. Griesheimer Schachtage 2012"]
[Site "Griesheim"]
[Date "2012.05.19"]
[Round "2.8"]
[White "Leiter, Thomas"]
[Black "Freund, Karlheinz"]
[Result "1-0"]
[WhiteElo "2172"]
[BlackElo "1921"]
[PlyCount "25"]
[EventDate "2012.05.19"]

1. e4 d6 2. f4 Nd7 3. Nf3 c6 4. Nc3 Qc7 5. d4 e5 6. Bc4 h6 7. O-O Ngf6 8. Bb3
b5 9. a3 Rb8 10. dxe5 dxe5 11. fxe5 Nxe5 12. Nxe5 Qxe5 13. Bf4 1-0

[Event "8. Griesheimer Schachtage 2012"]
[Site "Griesheim"]
[Date "2012.05.19"]
[Round "2.9"]
[White "Plattner, Rolf"]
[Black "Schork, Stefan"]
[Result "0-1"]
[WhiteElo "1871"]
[BlackElo "2134"]
[PlyCount "64"]
[EventDate "2012.05.19"]

1. e4 c5 2. Nf3 e6 3. d4 cxd4 4. Nxd4 a6 5. Bd3 Bc5 6. c3 Ne7 7. O-O O-O 8. Be3
Qc7 9. Qe2 Ng6 10. Qh5 d6 11. Nc2 Bxe3 12. Nxe3 Nf4 13. Qd1 Nxd3 14. Qxd3 b6
15. Nd2 Bb7 16. Rad1 Nc6 17. Qe2 Ne7 18. Nc2 e5 19. f3 d5 20. exd5 Nxd5 21. Ne4
b5 22. Qf2 Rae8 23. Kh1 f5 24. Ng3 a5 25. Rfe1 b4 26. Ne2 bxc3 27. bxc3 Nxc3
28. Nxc3 Qxc3 29. Rd2 e4 30. Re3 Qc5 31. f4 Rd8 32. h4 Ba6 0-1

[Event "8. Griesheimer Schachtage 2012"]
[Site "Griesheim"]
[Date "2012.05.19"]
[Round "2.10"]
[White "Yilmaz, Ahmet"]
[Black "Rehfeldt, Frank"]
[Result "0-1"]
[WhiteElo "1850"]
[BlackElo "2106"]
[PlyCount "72"]
[EventDate "2012.05.19"]

1. e4 c5 2. Nf3 d6 3. g3 Nf6 4. d3 Nc6 5. Bg2 e6 6. O-O Be7 7. Nbd2 O-O 8. Re1
Qc7 9. Nf1 b5 10. c3 Bb7 11. d4 cxd4 12. cxd4 Nb4 13. Bg5 Nxe4 14. Rc1 Qd7 15.
Bxe7 Qxe7 16. Qb3 a5 17. a3 Bd5 18. Qe3 Na6 19. Qd3 Qb7 20. Ne3 Nf6 21. Nxd5
Nxd5 22. Ng5 g6 23. Qe4 Kg7 24. Qh4 h6 25. Ne4 Qd7 26. g4 Rac8 27. g5 hxg5 28.
Nxg5 Rh8 29. Qg4 Rxc1 30. Rxc1 Nf6 31. Qg3 Rc8 32. Re1 Nc7 33. h4 Nh5 34. Qg4
Ne8 35. Qf3 Nef6 36. Qf4 Nxf4 0-1

[Event "8. Griesheimer Schachtage 2012"]
[Site "Griesheim"]
[Date "2012.05.19"]
[Round "2.11"]
[White "Kopp, Peter"]
[Black "Rolf, Marco"]
[Result "1-0"]
[WhiteElo "2089"]
[BlackElo "1898"]
[PlyCount "39"]
[EventDate "2012.05.19"]

1. e4 e6 2. d3 d5 3. Nd2 dxe4 4. dxe4 a6 5. Ngf3 Bc5 6. Be2 Nf6 7. O-O O-O 8.
c3 Bd7 9. e5 Nd5 10. Ne4 Be7 11. c4 Nb6 12. Be3 Bc6 13. Qc2 f5 14. exf6 Bxf6
15. Rad1 Bxe4 16. Qxe4 Qe7 17. Qxb7 N8d7 18. Qxc7 Rac8 19. Qd6 Qf7 20. Bxb6 1-0

[Event "8. Griesheimer Schachtage 2012"]
[Site "Griesheim"]
[Date "2012.05.19"]
[Round "2.12"]
[White "Launert, Martin"]
[Black "Galkin, Wladislaw"]
[Result "0-1"]
[WhiteElo "1845"]
[BlackElo "2057"]
[PlyCount "118"]
[EventDate "2012.05.19"]

1. e4 e5 2. Nf3 Nc6 3. Bb5 a6 4. Ba4 Nf6 5. O-O b5 6. Bb3 Be7 7. Re1 d6 8. c3
O-O 9. d4 Bg4 10. d5 Nb8 11. Nbd2 Nbd7 12. h3 Bh5 13. Nf1 Bg6 14. Ng3 Nc5 15.
Bc2 Qc8 16. b4 Ncd7 17. Nh4 Re8 18. Ngf5 Bf8 19. Nxg6 hxg6 20. Ne3 c6 21. Qd3
Nb6 22. Bb3 cxd5 23. Nxd5 Nfxd5 24. exd5 Rb8 25. Be3 e4 26. Qc2 Nc4 27. Bd4 f5
28. a4 Ne5 29. axb5 Nd3 30. Red1 axb5 31. Ra7 Qd8 32. Qd2 Re7 33. Rda1 Rxa7 34.
Rxa7 Ra8 35. Qa2 Rxa7 36. Qxa7 Qg5 37. Qd7 Nf4 38. g3 Nxh3+ 39. Kf1 Qe7 40.
Qxb5 f4 41. Qe2 fxg3 42. fxg3 Ng5 43. c4 Nf3 44. Be3 Qf6 45. Kg2 Qc3 46. Bd1
Qxb4 47. Bf2 Ng5 48. Bc2 Qb2 49. Bd1 Qc3 50. Be3 Nf7 51. Bf4 Qd4 52. Bc2 Ne5
53. Bxe5 dxe5 54. Qxe4 Qd2+ 55. Kf1 Bc5 56. Qe2 Qd4 57. Kg2 Qg1+ 58. Kh3 Qh1+
59. Kg4 Qh5# 0-1

[Event "8. Griesheimer Schachtage 2012"]
[Site "Griesheim"]
[Date "2012.05.19"]
[Round "2.13"]
[White "Nies, Peter"]
[Black "Bingert, Tim Niklas"]
[Result "1/2-1/2"]
[WhiteElo "2044"]
[BlackElo "1885"]
[PlyCount "37"]
[EventDate "2012.05.19"]

 1. e4 c5 2. Nc3 Nc6 3. Bb5 e6 4. Bxc6 bxc6 5. d3 d5 6.
f4 Nf6 7. e5 Nd7 8. Nf3 Be7 9. O-O O-O 10. b3 Ba6 11. Ne2 c4 12. d4 c5 13. Re1
Qc7 14. Bb2 Rfd8 15. Kh1 cxb3 16. axb3 Bxe2 17. Rxe2 c4 18. Ba3 Nb6 19. Bxe7
1/2-1/2

[Event "8. Griesheimer Schachtage 2012"]
[Site "Griesheim"]
[Date "2012.05.19"]
[Round "2.14"]
[White "Josic, Ivica"]
[Black "Tierling, Detlef"]
[Result "0-1"]
[WhiteElo "1616"]
[BlackElo "2023"]
[PlyCount "92"]
[EventDate "2012.05.19"]

1. e4 c5 2. Bc4 e6 3. Nc3 Nc6 4. a3 g6 5. Nf3 Bg7 6. h3 d6 7. d3 Nge7 8. Bf4 a6
9. Rb1 b5 10. Ba2 Bb7 11. Ne2 Nd4 12. Nexd4 cxd4 13. Ng5 d5 14. e5 h6 15. Nf3
g5 16. Bg3 Qc7 17. Qe2 Ng6 18. O-O Rc8 19. Rbc1 Qb6 20. Qd2 a5 21. c3 dxc3 22.
Rxc3 Kd7 23. d4 Rxc3 24. bxc3 Rc8 25. Rc1 Ne7 26. Bb1 Bf8 27. Qb2 Qc6 28. Ne1
Rc7 29. f4 Nc8 30. fxg5 hxg5 31. Bd3 b4 32. axb4 axb4 33. c4 dxc4 34. Rxc4 Qd5
35. Rxc7+ Kxc7 36. Nf3 Be7 37. Be1 Qa5 38. Nd2 Nb6 39. Ne4 Bxe4 40. Bxe4 Na4
41. Qb3 Qb5 42. d5 Bc5+ 43. Kh2 Qf1 44. d6+ Kd8 45. Qb1 Bg1+ 46. Kg3 Qf4# 0-1

[Event "8. Griesheimer Schachtage 2012"]
[Site "Griesheim"]
[Date "2012.05.19"]
[Round "2.16"]
[White "Loewe, Lennard"]
[Black "Haas, Vanessa"]
[Result "1-0"]
[WhiteElo "2119"]
[BlackElo "1849"]
[PlyCount "115"]
[EventDate "2012.05.19"]

1. d4 Nf6 2. Nf3 e6 3. c4 d5 4. Nc3 c6 5. e3 Bd6 6. Bd3 O-O 7. O-O Nbd7 8. e4
dxe4 9. Nxe4 Nxe4 10. Bxe4 Nf6 11. Bc2 Bc7 12. Bg5 h6 13. Bh4 Re8 14. Re1 g5
15. Bg3 Bxg3 16. hxg3 b6 17. Ne5 Qc7 18. Qf3 Kg7 19. Qxc6 Qxc6 20. Nxc6 Bb7 21.
Ne5 Red8 22. Red1 Rac8 23. Rac1 Rd6 24. c5 bxc5 25. dxc5 Ra6 26. Bb1 Bd5 27. b3
Ne8 28. Rd2 Nc7 29. Nd3 Ra5 30. Nb4 Rb5 31. Nxd5 Nxd5 32. Rdc2 Nb4 33. Rc4 Nc6
34. Be4 Ne5 35. R4c3 f5 36. Bf3 Nxf3+ 37. gxf3 a5 38. Kf1 Kf7 39. Ke2 Ke7 40.
c6 Re5+ 41. Kf1 Kd6 42. c7 Rb5 43. g4 f4 44. Rc6+ Kd7 45. R6c5 Rb7 46. Ke2 Ra7
47. Kd3 Kd6 48. Rc6+ Kd7 49. Ke4 a4 50. b4 Rb7 51. a3 Rb5 52. R1c5 Rxc5 53.
Rxc5 Kd6 54. Rc1 Rxc7 55. Rxc7 Kxc7 56. Ke5 Kc6 57. Kxe6 Kb5 58. Kd5 1-0

[Event "8. Griesheimer Schachtage 2012"]
[Site "Griesheim"]
[Date "2012.05.19"]
[Round "2.17"]
[White "Hoeck, Raimund"]
[Black "Rauscher, Joachim"]
[Result "1-0"]
[WhiteElo "1986"]
[BlackElo "1865"]
[PlyCount "53"]
[EventDate "2012.05.19"]

1. d4 Nf6 2. Nf3 d5 3. c4 e6 4. e3 b6 5. cxd5 exd5 6. Bd3 Bd6 7. O-O O-O 8. Nc3
Re8 9. Qc2 Ba6 10. Rd1 Bxd3 11. Qxd3 c6 12. a3 Nbd7 13. b4 a6 14. Bb2 Ne4 15.
Ne2 Re6 16. Ng3 Ndf6 17. Rac1 Ng4 18. Rf1 Bxg3 19. hxg3 Qf6 20. Ne5 Rxe5 21. f3
Nef2 22. dxe5 Qh6 23. Rxf2 Qh2+ 24. Kf1 Nxf2 25. Kxf2 Rc8 26. Qxa6 Rf8 27. Rxc6
1-0

[Event "8. Griesheimer Schachtage 2012"]
[Site "Griesheim"]
[Date "2012.05.19"]
[Round "2.18"]
[White "Barisch, Florian"]
[Black "Winkler, Holger"]
[Result "1/2-1/2"]
[WhiteElo "1956"]
[BlackElo "1631"]
[PlyCount "102"]
[EventDate "2012.05.19"]

1. d4 Nf6 2. c4 g6 3. Nc3 Bg7 4. e4 d6 5. f3 O-O 6. Be3 e5 7. d5 c6 8. Qd2 cxd5
9. cxd5 a6 10. O-O-O Nbd7 11. Bd3 Qa5 12. Kb1 Nc5 13. Bc2 Bd7 14. Bh6 b5 15. h4
Rac8 16. h5 b4 17. Nce2 Bb5 18. Bxg7 Kxg7 19. Ng3 Qc7 20. Rc1 Nd3 21. Nf5+ Kg8
22. Ne7+ Qxe7 23. Bxd3 Rxc1+ 24. Kxc1 Rc8+ 25. Kb1 Bxd3+ 26. Qxd3 Qc7 27. Ne2
Nxh5 28. g4 Nf4 29. Nxf4 exf4 30. Qd2 g5 31. Qh2 f6 32. Qd2 a5 33. Qd3 Qc4 34.
Qd2 a4 35. Qh2 Qd3+ 36. Ka1 Rc7 37. Qf2 a3 38. Rb1 Rc2 39. Qe1 axb2+ 40. Rxb2
Rxb2 41. Kxb2 Qa3+ 42. Ka1 b3 43. Qd2 Qxa2+ 44. Qxa2 bxa2 45. Kxa2 Kf7 46. Kb2
Ke7 47. Kc3 Kd7 48. Kc4 Kc7 49. Kb3 Kb6 50. Kb4 Ka6 51. Ka4 Kb6 1/2-1/2

[Event "8. Griesheimer Schachtage 2012"]
[Site "Griesheim"]
[Date "2012.05.19"]
[Round "2.19"]
[White "Henkelmann, Frank"]
[Black "Pham-Tran, Phuong-Bao"]
[Result "0-1"]
[WhiteElo "1222"]
[BlackElo "1771"]
[PlyCount "56"]
[EventDate "2012.05.19"]

1. c4 Nf6 2. d4 g6 3. Nf3 Bg7 4. Bf4 O-O 5. Nc3 d5 6. e3 c5 7. Qc2 Bf5 8. Qb3
dxc4 9. Bxc4 Nc6 10. Qxb7 Na5 11. Qa6 Bc8 12. Qb5 Bd7 13. Qxc5 Rc8 14. Bxf7+
Rxf7 15. Qxa7 Nc4 16. b3 Nxe3 17. fxe3 Rxc3 18. Ng5 Rf8 19. O-O Qc8 20. e4 h6
21. e5 Nd5 22. Bd2 Rc2 23. Rxf8+ Bxf8 24. Nf3 Bf5 25. Qa5 Nc3 26. Bxc3 Qxc3 27.
Qd5+ e6 28. Qd8 Qxa1+ 0-1

[Event "8. Griesheimer Schachtage 2012"]
[Site "Griesheim"]
[Date "2012.05.19"]
[Round "2.20"]
[White "Wabra, Robert"]
[Black "Jesze, Paul"]
[Result "1/2-1/2"]
[WhiteElo "1834"]
[BlackElo "1615"]
[PlyCount "97"]
[EventDate "2012.05.19"]

1. d4 d5 2. c4 c6 3. Nc3 Nf6 4. Nf3 Nbd7 5. e3 e6 6. Bd3 Be7 7. O-O O-O 8. Qc2
h6 9. a3 Ne8 10. c5 f5 11. b4 Nef6 12. Bb2 g5 13. Rad1 Qe8 14. Be2 Bd8 15. Ne5
Bc7 16. f4 Nxe5 17. dxe5 Nh7 18. Rd2 Bd7 19. Bd3 g4 20. Ne2 Qe7 21. Nd4 Rf7 22.
g3 Nf8 23. h3 h5 24. Rh2 Rh7 25. Kg2 Qf7 26. Rfh1 Re8 27. hxg4 hxg4 28. Rxh7
Nxh7 29. Kf1 Re7 30. Qh2 Qg6 31. a4 Nf8 32. Qh8+ Kf7 33. b5 Ke8 34. Bc3 Rh7 35.
Rxh7 Qxh7 36. Qxh7 Nxh7 37. a5 cxb5 38. Bxb5 Bxb5+ 39. Nxb5 Bb8 40. Nd6+ Bxd6
41. exd6 Nf8 42. Ke2 Nd7 43. Bd4 Nb8 44. Kd3 Kd7 45. Kc3 a6 46. Kb3 Nc6 47. Bc3
Nb8 48. Kb4 Nc6+ 49. Kb3 1/2-1/2

[Event "8. Griesheimer Schachtage 2012"]
[Site "Griesheim"]
[Date "2012.05.19"]
[Round "2.21"]
[White "Reuter, Klaus"]
[Black "Gutacker, Stephan"]
[Result "0-1"]
[WhiteElo "1644"]
[BlackElo "1956"]
[PlyCount "88"]
[EventDate "2012.05.19"]

 1. d4 Nf6 2. c4 e6 3. g3 d5 4. Nf3 c6 5. Bg2 Bd6 6. cxd5
exd5 7. O-O O-O 8. Bg5 h6 9. Bd2 Bf5 10. b4 Nbd7 11. a3 Nb6 12. Nc3 Re8 13. b5
Nc4 14. a4 Qd7 15. Qc1 Ne4 16. bxc6 bxc6 17. Nxe4 Bxe4 18. e3 Rab8 19. Bc3 Rb7
20. Nd2 Nxd2 21. Qxd2 Bg6 22. Rfe1 Qe7 23. Rec1 Reb8 24. Bf1 Rb3 25. Be2 Ba3
26. Rf1 Bb2 27. Bxb2 Rxb2 28. Qe1 Qe4 29. Bd1 Rb1 30. Ra2 Qe6 31. Qd2 Bf5 32.
f3 Qd6 33. g4 Bg6 34. h4 Qg3+ 35. Qg2 Qxh4 36. e4 dxe4 37. fxe4 Qg5 38. Re1 Qa5
39. Rae2 Qc3 40. Qf2 R8b2 41. d5 cxd5 42. exd5 Rxe2 43. Qxe2 Qd4+ 44. Kf1 Bd3
0-1